Vzťah banky a podnikateľa

Presadzovanie tendencie v bankovníctve považovať klienta za svojho partnera a spojenca. Formulácia deviatich princípov služieb klientom. Vzťah podnikateľa k banke. Udržiavanie dobrých vzťahov s bankou. Bankový systém pozorovania.

Salvato in:
Dettagli Bibliografici
Autore principale: Petrjánošová, Božena
Natura: Capitolo di libro
Lingua:slovacco
Soggetti:
Tags: Aggiungi Tag
Nessun Tag, puoi essere il primo ad aggiungerne!!

MARC

LEADER 00000naa a2200000 4500
001 r025992
005 20230919070831.2
041 0 |a slo 
044 |a SK 
245 1 0 |a Vzťah banky a podnikateľa  |c Božena Petrjánošová 
520 |a Presadzovanie tendencie v bankovníctve považovať klienta za svojho partnera a spojenca. Formulácia deviatich princípov služieb klientom. Vzťah podnikateľa k banke. Udržiavanie dobrých vzťahov s bankou. Bankový systém pozorovania. 
610 2 0 |a banky 
610 2 0 |a bankovníctvo 
610 2 0 |a klienti 
610 2 0 |a služby bankové 
610 2 0 |a podnikatelia 
100 1 |a Petrjánošová, Božena